MODERN CONCEPTS OF SURFACE MINING METHODS (Record no. 5386)

MARC details
000 -LEADER
fixed length control field 00346nam a22001457a 4500
005 - DATE AND TIME OF LATEST TRANSACTION
control field 20170401152838.0
008 - FIXED-LENGTH DATA ELEMENTS--GENERAL INFORMATION
fixed length control field 170401b xxu||||| |||| 00| 0 eng d
041 ## - LANGUAGE CODE
Language code of text/sound track or separate title eng
100 ## - MAIN ENTRY--AUTHOR NAME
Personal name BISWAS,D
245 ## - TITLE STATEMENT
Title MODERN CONCEPTS OF SURFACE MINING METHODS
260 ## - PUBLICATION, DISTRIBUTION, ETC. (IMPRINT)
Name of publisher LOVELY PRAKSAHAN
300 ## - PHYSICAL DESCRIPTION
Number of Pages 371
650 ## - SUBJECT ADDED ENTRY--TOPICAL TERM
Topical Term MINNING
942 ## - ADDED ENTRY ELEMENTS (KOHA)
Koha item type Books
Holdings
Lost status Damaged status Collection code Home library Current library Shelving location Date acquired Source of acquisition Cost, normal purchase price Accession Number Koha item type
    MINING JRU Library JRU Library SHELF-100-E 24/12/2024 PUCHASE 350.00 21620 Books
    MINING JRU Library JRU Library SHELF-60-D 10/11/2023 PUCHASE 350.00 21621 Books
    MINING JRU Library JRU Library SHELF-100-E 10/11/2023 PUCHASE 350.00 21622 Books